000 00246pam a2200133 a 4500
020 _c
041 _h
100 _aRomulus whitaker
245 _aCommon Indian Snakes
260 _c1992
300 _a154
653 _aZoology
930 _a918
999 _c246771
_d246771